000 00526nam a2200193Ia 4500
005 20250923145633.0
008 008 250917s9999 xx 000 0 eng d
037 _aTextual
040 _aDSWL
_beng
_cDSWL
041 _aeng
_2eng
084 _aX:9., N80;1
_qDSWL
245 0 _aPersonnel Management : Management Human Resources
260 _aBombay
_bHimalya
_c1980
300 _axxiv,871 p.
365 _aINR
_b81.00
925 _g81.00
942 _cTEXL
_hX:9., N80;1
999 _c1453757
_d1453757